Diccionari general de la llengua catalana / per Pompeu Fabra
Descripción Física:
XVI, 1782 p. ; 19 cm
Materias:
Català -- Diccionaris
MARC
| LEADER | 00000nam a2200000Ia 4500 | ||
|---|---|---|---|
| 001 | 22495 | ||
| 008 | 160829s1932 xx 000 0 cat d | ||
| 080 | |a O-1-143 | ||
| 100 | 1 | |a Fabra, Pompeu, |d 1868-1948 |9 1034 | |
| 245 | |a Diccionari general de la llengua catalana / per Pompeu Fabra | ||
| 260 | |a Barcelona : |b Llibreria Catalònia, |c 1932 | ||
| 300 | |a XVI, 1782 p. ; |c 19 cm | ||
| 650 | |a Català |x Diccionaris |9 25552 | ||
| 901 | |a Arxiu | ||
| 942 | |n 1 | ||
| 952 | |0 0 |1 0 |4 0 |6 O1143 |7 1 |9 51388 |a Arxiu |b Arxiu |d 2016-12-01 |l 0 |o O-1-143 |p 22495 |r 2016-12-01 00:00:00 |w 2016-12-01 |y ARXIU | ||
| 999 | |c 55232 |d 55232 | ||